header

Metropolitan Philadelphia (Record no. 113321)

MARC details
000 -LEADER
fixed length control field 01512nam a2200373Ia 4500
082 04 - DEWEY DECIMAL CLASSIFICATION NUMBER
Classification number 974.8/11
100 1# - MAIN ENTRY--AUTHOR NAME
Personal name Conn, Steven.
245 10 - TITLE STATEMENT
Title Metropolitan Philadelphia
260 ## - PUBLICATION, DISTRIBUTION, ETC. (IMPRINT)
Place of publication Philadelphia :
Name of publisher University of Pennsylvania Press,
Year of publication c2006.
300 ## - PHYSICAL DESCRIPTION
Number of Pages 274 p. :
Other physical details ill., maps.
490 0# - SERIES STATEMENT
Series statement Metropolitan portraits
650 #0 - SUBJECT ADDED ENTRY--TOPICAL TERM
Topical Term Human geography
Topical Term Middle class
856 40 - ELECTRONIC LOCATION AND ACCESS
Uniform Resource Identifier http://site.ebrary.com/lib/rucke/Doc?id=10748546

No items available.

© 2026 Rongo University
Contact us: librarian | system librarian | Rongo university